000 00382 a2200169 4500
001 68709
020 _a8526248944
040 _cAnchieta - Itaigara
100 _aComapny, Mercè
240 1 0 _aAs trigêmeas e João e Maria
_lpor
245 1 0 _aAs trigêmeas e João e Maria
300 _a31
362 0 _a0
440 1 _aScipione
650 4 _aLiteratura infantil
942 _cBK
999 _c68709
_d68709